ბათუმის შოთა რუსთაველის სახელმწიფო უნივერსიტეტის ბიბლიოთეკა

ფიზიკური აღზრდისა და სპორტის ისტორია (ბიბ.ჩანაწერი № 36577)

000 -LEADER
fixed length control field 00801nam a2200229Ia 4500
001 - CONTROL NUMBER
control field 2496
003 - CONTROL NUMBER IDENTIFIER
control field GE_BSU
008 - FIXED-LENGTH DATA ELEMENTS--GENERAL INFORMATION
fixed length control field 181216s||||||||xx |||||||||||||| ||und||
040 ## - CATALOGING SOURCE
Transcribing agency GE_BSU
080 ## - UNIVERSAL DECIMAL CLASSIFICATION NUMBER
Universal Decimal Classification number 796(09)
100 ## - MAIN ENTRY--PERSONAL NAME
Personal name ძაგანია, გურამ
245 ## - TITLE STATEMENT
Title ფიზიკური აღზრდისა და სპორტის ისტორია
245 ## - TITLE STATEMENT
Statement of responsibility, etc. რედ. ჯუანშერ ზალდასტანიშვილი
260 ## - PUBLICATION, DISTRIBUTION, ETC.
Place of publication, distribution, etc. თბილისი
260 ## - PUBLICATION, DISTRIBUTION, ETC.
Name of publisher, distributor, etc. თბილ. უნ-ტის გამ-ბა
260 ## - PUBLICATION, DISTRIBUTION, ETC.
Date of publication, distribution, etc. 2004
300 ## - PHYSICAL DESCRIPTION
Extent 142გვ.
653 ## - INDEX TERM--UNCONTROLLED
Uncontrolled term სპორტი
653 ## - INDEX TERM--UNCONTROLLED
Uncontrolled term ფიზიკური აღზრდისა და სპორტის ისტორია
942 ## - ADDED ENTRY ELEMENTS (KOHA)
Koha item type წიგნი
ეგზემპლარები
Withdrawn status Lost status Damaged status Not for loan Date acquired Barcode Date last seen Price effective from Koha item type
        2018-12-17 1103 2018-12-17 2018-12-17 წიგნი